<?xml version="1.0" encoding="UTF-8"?>
<record
    xmlns:xsi="http://www.w3.org/2001/XMLSchema-instance"
    xsi:schemaLocation="http://www.loc.gov/MARC21/slim http://www.loc.gov/standards/marcxml/schema/MARC21slim.xsd"
    xmlns="http://www.loc.gov/MARC21/slim">

  <leader>00317    a2200109   4500</leader>
  <controlfield tag="001">ART_2647</controlfield>
  <controlfield tag="005">20260410161728.0</controlfield>
  <controlfield tag="008">260409a                                 </controlfield>
  <datafield tag="245" ind1="1" ind2="0">
    <subfield code="a">Antropolog&#xED;a econ&#xF3;mica</subfield>
  </datafield>
  <datafield tag="100" ind1="1" ind2=" ">
    <subfield code="a">Demonte, Norberto Gabriel</subfield>
  </datafield>
  <datafield tag="773" ind1="0" ind2=" ">
    <subfield code="t">Ciencias econ&#xF3;micas</subfield>
    <subfield code="g">- A&#xF1;o 5, Vol. 2 (dic. 2007)</subfield>
    <subfield code="w">REV2567</subfield>
  </datafield>
  <datafield tag="999" ind1=" " ind2=" ">
    <subfield code="c">17589</subfield>
    <subfield code="d">17589</subfield>
  </datafield>
</record>
